Score 0/20 Timer 04:00
2 Plays Today
Scrambled Composer Unscrambled Composer % Correct
CBHABach
95.8%
TROZAMMozart
93.4%
SLAGSGlass
84.9%
BOTHEVENEBeethoven
82.7%
NOPICHChopin
80.3%
IDIVVALVivaldi
75.5%
GNAWERWagner
71.6%
DEHLANHandel
69.5%
SZILTLiszt
65.6%
DIVERVerdi
57.3%
Scrambled Composer Unscrambled Composer % Correct
SHREWINGGershwin
56.6%
SHOVTKYCKAITchaikovsky
55.9%
AVDORKDvořák
55.7%
HANDYHaydn
39%
NERTBITBritten
30.8%
REGALElgar
23%
LEZBOIRBerlioz
22.9%
INBROODBorodin
20.8%
NAPCLODCopland
19.8%
NORISISRossini
15.8%

You're not logged in!

Compare scores with friends on all Sporcle quizzes.
OR
Log In

Sporcle TV

Today on Sporcle TV


Watch our educational content, quiz creation guides, and fun videos on Sporcle TV.

Show Comments

Extras

Top Quizzes Today


Score Distribution

Your Account Isn't Verified!

In order to create a playlist on Sporcle, you need to verify the email address you used during registration. Go to your Sporcle Settings to finish the process.

Report this User

Report this user for behavior that violates our Community Guidelines.

Details: